Competitive environmental strategy : (Record no. 11160)

000 -LEADER
fixed length control field 01396cam a22003254a 4500
001 - CONTROL NUMBER
control field 11882677
005 - DATE AND TIME OF LATEST TRANSACTION
control field 20230103185906.0
008 - FIXED-LENGTH DATA ELEMENTS--GENERAL INFORMATION
fixed length control field 000106s2000 dcua b 001 0 eng
010 ## - LIBRARY OF CONGRESS CONTROL NUMBER
LC control number 00008012
020 ## - INTERNATIONAL STANDARD BOOK NUMBER
International Standard Book Number 1559637714 (acidfree paper)
020 ## - INTERNATIONAL STANDARD BOOK NUMBER
International Standard Book Number 1559637722 (pbk. : acidfree paper)
040 ## - CATALOGING SOURCE
Original cataloging agency DLC
Transcribing agency DLC
Modifying agency DLC
042 ## - AUTHENTICATION CODE
Authentication code pcc
043 ## - GEOGRAPHIC AREA CODE
Geographic area code n-us---
050 00 - LIBRARY OF CONGRESS CALL NUMBER
Classification number HD30.255
Item number .H638 2000
082 00 - DEWEY DECIMAL CLASSIFICATION NUMBER
Classification number 658.4/08
Edition number 21
100 1# - MAIN ENTRY--PERSONAL NAME
Personal name Hoffman, Andrew J.,
Dates associated with a name 1961-
245 10 - TITLE STATEMENT
Title Competitive environmental strategy :
Remainder of title a guide to the changing business landscape /
Statement of responsibility, etc. Andrew J. Hoffman.
260 ## - PUBLICATION, DISTRIBUTION, ETC.
Place of publication, distribution, etc. Washington, D.C. :
Name of publisher, distributor, etc. Island Press,
Date of publication, distribution, etc. c2000.
300 ## - PHYSICAL DESCRIPTION
Extent xviii, 301 p. :
Other physical details ill. ;
Dimensions 26 cm.
504 ## - BIBLIOGRAPHY, ETC. NOTE
Bibliography, etc. note Includes bibliographical references and index.
650 #0 - SUBJECT ADDED ENTRY--TOPICAL TERM
Topical term or geographic name entry element Industrial management
General subdivision Environmental aspects
-- United States.
650 #0 - SUBJECT ADDED ENTRY--TOPICAL TERM
Topical term or geographic name entry element Strategic planning
General subdivision Environmental aspects
-- United States.
650 #0 - SUBJECT ADDED ENTRY--TOPICAL TERM
Topical term or geographic name entry element Environmental policy
Geographic subdivision United States.
856 4# - ELECTRONIC LOCATION AND ACCESS
Materials specified Table of Contents
Uniform Resource Identifier <a href="http://lcweb.loc.gov/catdir/toc/00008012.html">http://lcweb.loc.gov/catdir/toc/00008012.html</a>
856 42 - ELECTRONIC LOCATION AND ACCESS
Materials specified Publisher description
Uniform Resource Identifier <a href="http://www.loc.gov/catdir/enhancements/fy0666/00008012-d.html">http://www.loc.gov/catdir/enhancements/fy0666/00008012-d.html</a>
906 ## - LOCAL DATA ELEMENT F, LDF (RLIN)
a 7
b cbc
c orignew
d 1
e ecip
f 20
g y-gencatlg
925 0# -
-- acquire
-- 2 shelf copies
-- policy default
955 ## - COPY-LEVEL INFORMATION (RLIN)
-- sf04 2001-12-13 to BCCD
Holdings
Withdrawn status Lost status Source of classification or shelving scheme Damaged status Not for loan Permanent Location Current Location Date acquired Source of acquisition Cost, normal purchase price Full call number Barcode Date last seen Cost, replacement price Price effective from Koha item type Shelving location
          BMS College of Architecture, Design and Planning BMS College of Architecture, Design and Planning 2023-03-07 10 4289.04 658.4/08 AR-UG2835 2023-03-07 6127.20 2023-03-07 UG Books  
          BMS College of Architecture, Design and Planning BMS College of Architecture, Design and Planning 2025-12-03     658.4/08 AR-UG4998 2026-02-10   2026-02-10 B.Design General Stacks
Copyright © 2025, The Librarian, Library and Information Centre, BMSCA D&P, Bengaluru. All Rights Reserved
web counter

Powered by Koha